Estudio y comprensión de la sociedad 5º básico: texto para el estudiante
I tiakina i:
| Ngā kaituhi matua: | , , , |
|---|---|
| Hōputu: | Pukapuka |
| Reo: | Pāniora |
| I whakaputaina: |
Santiago
Santillana del Pacífico
2008
|
| Ngā marau: | |
| Ngā Tūtohu: |
Tāpirihia he Tūtohu
Kāore He Tūtohu, Me noho koe te mea tuatahi ki te tūtohu i tēnei pūkete!
|
MARC
| LEADER | 00000nam a2200000 a 4500 | ||
|---|---|---|---|
| 001 | UCI5736 | ||
| 003 | CL-VaPUC | ||
| 008 | 080404e20080000CL |||||||||||||||||spa|d | ||
| 020 | |a 9789561513723 | ||
| 082 | 0 | 4 | |a 372.83 |b DON |2 21 |
| 100 | 0 | |a Donoso Rivas, Marina Loreto |e author |9 528300 | |
| 700 | 0 | |a Zúñiga Mallea, Nelson Patricio |e author |9 528301 | |
| 700 | 0 | |a Ayala Villegas, Estela de Lourdes |e author |9 528302 | |
| 700 | 0 | |a San Martín Saavedra, Pablo |e author |9 528303 | |
| 245 | 1 | 0 | |a Estudio y comprensión de la sociedad 5º básico: texto para el estudiante |
| 300 | |a 191 p | ||
| 942 | |c BK | ||
| 945 | |d 20080404 00:00:00 |a jtorresc | ||
| 260 | |a Santiago |b Santillana del Pacífico |c 2008 | ||
| 650 | 0 | |a Enseñanza de la geografía |9 310005 | |
| 650 | 0 | |a Enseñanza de la historia |9 307330 | |
| 650 | 0 | |a Educación básica |9 224933 | |
| 650 | 0 | |a Libros de texto |9 270019 | |
| 650 | 0 | |a Geografía de Chile |9 268295 | |
| 650 | 0 | |a Métodos de enseñanza |9 270413 | |
| 583 | |a last modification |c 20180314 11:25:45 |k Rodrigo Vera | ||
| 999 | |c 329429 |d 329427 | ||
| 952 | |0 0 |1 0 |4 0 |6 372_830000000000000_DON_2008 |7 0 |8 A |9 414062 |a BIBEDU |b BIBEDU |d 2019-11-22 |i 4422058 |o 372.83 DON 2008 |p 4422058 |r 2019-11-22 |w 2019-11-22 |y BK |k EDU | ||
| 952 | |0 0 |1 0 |4 0 |6 372_830000000000000_DON_2008 |7 0 |8 A |9 414064 |a BIBEDU |b BIBEDU |d 2019-11-22 |i 4462084 |o 372.83 DON 2008 |p 4462084 |r 2019-11-22 |w 2019-11-22 |y BK |k EDU | ||
| 952 | |0 0 |1 0 |4 0 |6 372_830000000000000_DON_2008 |7 0 |8 A |9 414066 |a BIBEDU |b BIBEDU |d 2019-11-22 |i 4462106 |o 372.83 DON 2008 |p 4462106 |r 2019-11-22 |w 2019-11-22 |y BK |k EDU | ||